000 01505nam a22003977a 4500
003 CHAP
005 20220817043607.0
008 000120d1999 mx r 00110 spa d
010 _a79348
011 _a80320
035 _a90769
040 _cCHAP
090 _aTesis
100 0 0 _aSánchez Hernández, Miguel Angel.
245 1 0 _aVariación genética y respuesta a la selección combinada en una variedad criolla de calabaza pipiana (Cucurbita argyrosperma Huber var. stenosperma)
_c/por Miguel Angel Sánchez Hernández
260 _aChapingo, Méx. :
_bEl autor,
_c1999.
300 _a101 p. :
_bcuadros
502 _aTesis (Ing. Agr. Esp. en Fitotecnia) -- UACH. Departamento de Fitotecnia
590 _aALEPH
_b10
_c20130110
_lUCH01
_h1430
590 _aBATCH-UPD
_b10
_c20130110
_lUCH01
_h0518
590 _aBATCH-UPD
_b10
_c20130410
_lUCH01
_h0157
590 _aBATCH-UPD
_b10
_c20130914
_lUCH01
_h0814
590 _aCONVERSION
_b10
_c20130109
_lUCH01
_h1344
650 1 4 _aCalabaza
_xFisiología y morfología.
_917272
650 1 4 _aCalabaza
_xGenética.
_917274
650 1 4 _aCalabaza
_xSelección masal.
_917295
650 1 4 _aCalabaza
_xVariedades.
_917301
650 1 4 _aCalabaza
_zMorelos.
_917307
650 1 4 _aCultivos asociados.
_930370
901 _aBK
905 _aGuadalupe Pinto C.
942 _cFOLL
949 _bBC
_cTES
_d33724000740544
_eTS2
_fc.2
_h34525
_i90769
_si
949 _bBC
_cTES
_d33724000764254
_eTS2
_fc.3
_h35968
_i90769
_si
949 _bBC
_cTES
_d907691
_eTS1
_h34524
_i90769
_sb
999 _c79348
_d79348